[Event "Catalunya-chT Gp2"]
[Site "Barcelona"]
[Date "2024.01.27"]
[Round "2.6"]
[White "Roca Planas, Edgar"]
[Black "Obon Temprano, Sergi"]
[Result "1/2-1/2"]
[WhiteElo "2248"]
[BlackElo "2194"]
[PlyCount "150"]
[EventDate "2024.01.20"]
[EventType "team-tourn"]
[EventRounds "7"]
[EventCountry "ESP"]
[SourceTitle "CB06_2024"]
[SourceDate "2024.02.07"]
[SourceVersion "1"]
[SourceVersionDate "2024.02.07"]
[SourceQuality "1"]
[WhiteTeam "Sant Andreu"]
[BlackTeam "Barbera"]
[WhiteTeamCountry "ESP"]
[BlackTeamCountry "ESP"]

1. e4 e6 2. d4 d5 3. Nc3 dxe4 4. Nxe4 Bd7 5. Nf3 Bc6 6. Bd3 Nd7 7. 0-0 Ngf6 8. Ng3 Be7 9. Re1 Bxf3 10. Qxf3 c6 11. c3 0-0 12. Bc2 Re8 13. Bf4 Nf8 14. Rad1 Ng6 15. Bb3 Nxf4 16. Qxf4 Bd6 17. Qf3 Qc7 18. Re2 a5 19. a3 a4 20. Bc2 Ra5 21. Nf1 Rh5 22. g3 Ra8 23. Nd2 Rd5 24. Nc4 Bf8 25. h4 c5 26. Ne3 Rd7 27. d5 Nxd5 28. Nxd5 Rxd5 29. Rxd5 exd5 30. Qxd5 g6 31. h5 Ra6 32. hxg6 hxg6 33. Bd3 Rd6 34. Qc4 Qd7 35. Bc2 b5 36. Qf4 Re6 37. Rd2 Rd6 38. Re2 Re6 39. Rd2 Rd6 40. Rxd6 Qxd6 41. Qe3 Qe7 42. Be4 b4 43. Qd3 Qd6 44. Bd5 bxa3 45. bxa3 Qf6 46. Qe4 Bd6 47. Qxa4 Be5 48. c4 Bd4 49. Qc2 Kg7 50. Kg2 Qe5 51. Qd1 Qf5 52. Qe2 Qe5 53. Qf3 Qf6 54. Qe2 Qe5 55. Qd2 Bc3 56. Qd3 Qd4 57. Qf3 Qf6 58. Qe4 Qe5 59. Qg4 Qf6 60. a4 Qe5 61. Qd7 Qf6 62. f4 Qf5 63. Qxf5 gxf5 64. Kf3 Kf6 65. Bb7 Ba5 66. Bc8 Bc3 67. Bd7 Ba5 68. g4 fxg4+ 69. Bxg4 Ke7 70. Ke4 Kd6 71. Kf5 Bc3 72. Bh5 f6 73. Be8 Kc7 74. a5 Kb7 75. Bb5 Ka7 1/2-1/2

[Event "Sant Boi de Llobregat op 4th"]
[Site "Sant Boi de Llobregat"]
[Date "2023.12.03"]
[Round "4"]
[White "Roca Planas, Edgar"]
[Black "Abdurakhmanov, Mukhmmadali"]
[Result "1/2-1/2"]
[WhiteElo "2218"]
[BlackElo "2409"]
[PlyCount "91"]
[EventDate "2023.11.30"]
[EventType "swiss"]
[EventRounds "9"]
[EventCountry "ESP"]
[SourceTitle "CB50_2023"]
[SourceDate "2023.12.13"]
[SourceVersion "1"]
[SourceVersionDate "2023.12.13"]
[SourceQuality "1"]

1. e4 c5 2. Nf3 Nc6 3. Bb5 e6 4. 0-0 Nge7 5. Re1 a6 6. Bf1 d5 7. d3 g6 8. exd5 Nxd5 9. d4 cxd4 10. Nxd4 Nce7 11. c4 Nf6 12. Bf4 Bg7 13. Be5 0-0 14. Nc3 Bd7 15. Qb3 Nc6 16. Nxc6 Bxc6 17. Rad1 Qa5 18. a3 Rfd8 19. Bd4 Nd7 20. Bxg7 Kxg7 21. Qa2 Qg5 22. Ne4 Bxe4 23. Rxe4 Nc5 24. Red4 Rxd4 25. Rxd4 a5 26. b3 Qc1 27. Rd2 a4 28. b4 Nb3 29. Rd7 Rc8 30. Qe2 Qxa3 31. Qxe6 Rf8 32. Qe5+ Kg8 33. Rxb7 Qc1 34. Rb8 Rxb8 35. Qxb8+ Kg7 36. Qe5+ Kh6 37. b5 a3 38. b6 Nc5 39. Qxc5 a2 40. Qf8+ Kh5 41. Qc5+ f5 42. g4+ Kxg4 43. Qd4+ Kh5 44. b7 Qg5+ 45. Kh1 Qc1 46. Kg2 1/2-1/2

[Event "ESP-ch U18"]
[Site "Salobrena"]
[Date "2023.08.05"]
[Round "9"]
[White "Lorenzo Calvo, Damian Angel"]
[Black "Roca Planas, Edgar"]
[Result "0-1"]
[WhiteElo "1952"]
[BlackElo "2170"]
[PlyCount "78"]
[EventDate "2023.07.31"]
[EventType "swiss"]
[EventRounds "9"]
[EventCountry "ESP"]
[SourceTitle "CBM 215 Extra"]
[Source "ChessBase"]
[SourceDate "2023.09.30"]
[SourceVersion "1"]
[SourceVersionDate "2023.09.30"]
[SourceQuality "1"]

1. e4 c6 2. d4 d5 3. Nd2 dxe4 4. Nxe4 Nf6 5. Nxf6+ exf6 6. Nf3 Bd6 7. Bd3 0-0 8. 0-0 Re8 9. Be3 Nd7 10. Qd2 Qc7 11. c4 Nf8 12. h3 Ng6 13. Bxg6 hxg6 14. b4 g5 15. c5 Bf8 16. d5 cxd5 17. Qxd5 g4 18. hxg4 Bxg4 19. Nd4 Re5 20. Nb5 Qe7 21. Qc4 Re4 22. Nd4 Rd8 23. Qc3 f5 24. Nc2 f4 25. f3 fxe3 26. fxe4 Qxe4 27. Qxe3 Qxc2 28. Rf2 Qg6 29. Raf1 Be6 30. a4 Be7 31. Rxf7 Bg5 32. R7f4 Bxf4 33. Qxf4 Bd5 34. Rf2 Re8 35. b5 Re1+ 36. Kh2 Qh5+ 37. Kg3 Re5 38. Qf8+ Kh7 39. Rf4 Re3+ 0-1

[Event "Catalunya-chT Gp2 Final"]
[Site "Barcelona"]
[Date "2023.03.11"]
[Round "1.5"]
[White "Lerch Gallemi, Jose Maria"]
[Black "Roca Planas, Edgar"]
[Result "1-0"]
[WhiteElo "2161"]
[BlackElo "2144"]
[PlyCount "101"]
[EventDate "2023.03.11"]
[EventType "team-k.o."]
[EventRounds "4"]
[EventCountry "ESP"]
[SourceTitle "EXT 2024"]
[Source "ChessBase"]
[SourceDate "2023.10.10"]
[SourceVersion "1"]
[SourceVersionDate "2023.10.10"]
[SourceQuality "1"]
[WhiteTeam "Sant Cugat"]
[BlackTeam "Sant Andreu"]
[WhiteTeamCountry "ESP"]
[BlackTeamCountry "ESP"]

1. e4 c6 2. d3 d5 3. Qe2 dxe4 4. dxe4 e5 5. Nf3 Nf6 6. h3 Qc7 7. b3 Bc5 8. Bb2 Nbd7 9. g3 a5 10. a3 0-0 11. Nbd2 b5 12. Nh4 Ba6 13. Qf3 Rfe8 14. Be2 Nf8 15. 0-0 Ne6 16. Qg2 Rad8 17. Rad1 Bc8 18. Nhf3 Nd7 19. c3 Ba7 20. b4 axb4 21. axb4 f6 22. Ra1 Nb6 23. Ra2 Na4 24. Ba1 Qf7 25. Ra3 Nc7 26. Bd1 Be6 27. Bxa4 bxa4 28. Rxa4 Nb5 29. c4 Bxc4 30. Rc1 Be6 31. g4 Rd6 32. Ra6 Qb7 33. Ra4 Red8 34. Rc2 Qf7 35. g5 Kf8 36. Qg3 Qh5 37. Ra6 Rxd2 38. Rxd2 Rxd2 39. Nxd2 Qd1+ 40. Nf1 Bc4 41. Qg2 Be2 42. gxf6 gxf6 43. Rxc6 Kf7 44. Rc8 Qxf1+ 45. Qxf1 Bxf1 46. Kxf1 Kg6 47. Bb2 Nd6 48. Rg8+ Kf7 49. Rh8 Bb6 50. Rxh7+ Kg6 51. Rh4 1-0

[Event "Catalunya-chT Gp2"]
[Site "Barcelona"]
[Date "2023.02.18"]
[Round "5.6"]
[White "Garcia Acosta, Roger"]
[Black "Roca Planas, Edgar"]
[Result "0-1"]
[WhiteElo "2072"]
[BlackElo "2162"]
[PlyCount "112"]
[EventDate "2023.01.21"]
[EventType "team-tourn"]
[EventRounds "7"]
[EventCountry "ESP"]
[SourceTitle "CBM 213 Extra"]
[Source "ChessBase"]
[SourceDate "2023.05.31"]
[SourceVersion "1"]
[SourceVersionDate "2023.05.31"]
[SourceQuality "1"]
[WhiteTeam "Cerdanyola Valles"]
[BlackTeam "Sant Andreu"]
[WhiteTeamCountry "ESP"]
[BlackTeamCountry "ESP"]

1. e4 c6 2. d4 d5 3. exd5 cxd5 4. Bd3 Nc6 5. Nf3 Bg4 6. c3 e6 7. 0-0 Bd6 8. Nbd2 Nge7 9. Re1 Qc7 10. h3 Bh5 11. b4 h6 12. b5 Na5 13. Bb2 0-0 14. Qa4 Bg6 15. Bf1 Rfc8 16. Ne5 Bf5 17. Rac1 Qd8 18. Ba3 Bxa3 19. Qxa3 Ng6 20. Nb3 Nc4 21. Nxc4 dxc4 22. Nc5 Qe7 23. Qa4 b6 24. Ne4 Nf4 25. Ng3 Bd3 26. Ne2 Bxe2 27. Bxe2 Qg5 28. Bf3 Rab8 29. Rcd1 Rc7 30. Kf1 Nd3 31. Re2 Rd8 32. Be4 Nf4 33. Re3 g6 34. Rg3 Qh5 35. Re1 Nd5 36. Qc2 Kg7 37. a4 Ne7 38. Bf3 Qh4 39. Rg4 Qf6 40. Be4 h5 41. Rg3 Rd6 42. Rf3 Qg5 43. Rg3 Qf4 44. Kg1 h4 45. Rf3 Qg5 46. Qc1 Qxc1 47. Rxc1 f5 48. Bb1 Kf6 49. Re3 Nd5 50. Ree1 g5 51. Ba2 Nf4 52. Rc2 Nd3 53. Rd1 Nc5 54. Bxc4 Nxa4 55. Bb3 Nxc3 56. Rd3 Nxb5 0-1

[Event "Barcelona Sants op-A 23rd"]
[Site "Barcelona"]
[Date "2022.08.22"]
[Round "4"]
[White "Roca Planas, Edgar"]
[Black "Cuartas, Jaime Alexander"]
[Result "0-1"]
[WhiteElo "2137"]
[BlackElo "2510"]
[PlyCount "126"]
[EventDate "2022.08.19"]
[EventType "swiss"]
[EventRounds "10"]
[EventCountry "ESP"]
[SourceTitle "CBM 209 Extra"]
[Source "ChessBase"]
[SourceDate "2022.09.30"]
[SourceVersion "1"]
[SourceVersionDate "2022.09.30"]
[SourceQuality "1"]

1. e4 c5 2. Nf3 g6 3. c3 d5 4. exd5 Qxd5 5. d4 Bg7 6. Nbd2 cxd4 7. Bc4 Qd8 8. Nxd4 Nf6 9. 0-0 0-0 10. Re1 Bd7 11. Qb3 Nc6 12. Qxb7 Nxd4 13. cxd4 a5 14. Qb3 Bc6 15. Qd3 Qd6 16. Nf3 Bxf3 17. Qxf3 Qxd4 18. Qe2 Rac8 19. Ba6 Rb8 20. Rd1 Qe4 21. f3 Qxe2 22. Bxe2 e6 23. a4 Rfc8 24. Bb5 Nd5 25. Rb1 Rc2 26. Bd2 Ra8 27. b3 Bd4+ 28. Kh1 Bc3 29. Bc6 Rc8 30. Bxd5 Bxd2 31. Bc4 Rd8 32. Kg1 h5 33. Kh1 Kg7 34. Rf1 e5 35. Rf2 f5 36. Re2 Kf6 37. g3 g5 38. h3 Rd4 39. Rd1 Be3 40. Rde1 Rxe2 41. Rxe2 Rd1+ 42. Kh2 f4 43. gxf4 gxf4 44. Rg2 e4 45. Be2 Re1 46. h4 Bg1+ 47. Kh3 e3 48. Bd3 Bf2 49. Rg5 e2 50. Bxe2 Rxe2 51. Rxa5 Bxh4 52. Rxh5 Be1 53. Rb5 Ra2 54. Kg4 Bd2 55. Rb6+ Ke5 56. Rb5+ Kd4 57. Rb7 Ra1 58. Rb5 Ke3 59. Re5+ Kf2 60. Rb5 Rg1+ 61. Kf5 Kxf3 62. a5 Ra1 63. b4 Bxb4 0-1

[Event "ESP-ch U18"]
[Site "Salobrena"]
[Date "2022.08.05"]
[Round "8"]
[White "Jimenez Munoz, Nicolas"]
[Black "Roca Planas, Edgar"]
[Result "1-0"]
[WhiteElo "1975"]
[BlackElo "2137"]
[PlyCount "95"]
[EventDate "2022.08.01"]
[EventType "swiss"]
[EventRounds "9"]
[EventCountry "ESP"]
[SourceTitle "EXT 2023"]
[Source "ChessBase"]
[SourceDate "2022.10.05"]
[SourceVersion "1"]
[SourceVersionDate "2022.10.05"]
[SourceQuality "1"]

1. e4 c6 2. d4 d5 3. e5 Bf5 4. c4 e6 5. Nc3 Ne7 6. h3 Nd7 7. Nf3 h6 8. b3 Ng6 9. a3 Nh4 10. Nxh4 Qxh4 11. Be3 Qd8 12. Bd3 Bxd3 13. Qxd3 dxc4 14. bxc4 Nxe5 15. Qe2 Nd7 16. 0-0 Bd6 17. d5 cxd5 18. cxd5 e5 19. Ne4 Be7 20. Qg4 g6 21. d6 Bf8 22. f4 Bg7 23. f5 0-0 24. fxg6 fxg6 25. Qxg6 Qe8 26. Rxf8+ Qxf8 27. Bxh6 Qf7 28. Qxg7+ Qxg7 29. Bxg7 Kxg7 30. Rc1 Kf7 31. Rc7 Ke6 32. Rxb7 a6 33. g4 Rf8 34. Ra7 Rf4 35. Ng5+ Kxd6 36. Rxa6+ Kd5 37. Ra5+ Kd6 38. Kg2 Rd4 39. Kf3 Rd1 40. Ne4+ Kc6 41. g5 Rf1+ 42. Nf2 Rg1 43. Ng4 Kd6 44. g6 Rf1+ 45. Kg3 Rf5 46. h4 Rf8 47. h5 Rg8 48. h6 1-0

[Event "ESP-ch U18"]
[Site "Salobrena"]
[Date "2022.08.04"]
[Round "6"]
[White "Follana Albelda, Lucia"]
[Black "Roca Planas, Edgar"]
[Result "0-1"]
[WhiteElo "2030"]
[BlackElo "2137"]
[PlyCount "114"]
[EventDate "2022.08.01"]
[EventType "swiss"]
[EventRounds "9"]
[EventCountry "ESP"]
[SourceTitle "EXT 2023"]
[Source "ChessBase"]
[SourceDate "2022.10.05"]
[SourceVersion "1"]
[SourceVersionDate "2022.10.05"]
[SourceQuality "1"]

1. e4 c6 2. d4 d5 3. Nc3 dxe4 4. Nxe4 Nf6 5. Nxf6+ exf6 6. c3 Bd6 7. Bd3 0-0 8. Qc2 Re8+ 9. Ne2 h5 10. 0-0 h4 11. h3 Nd7 12. Be3 Nf8 13. Rfe1 g6 14. Rad1 Be6 15. Bf4 Rc8 16. c4 f5 17. Bxd6 Qxd6 18. c5 Qc7 19. b4 Nd7 20. Nc3 Nf6 21. Be2 Bd5 22. Nxd5 Nxd5 23. Qc4 Red8 24. Bf3 Rd7 25. Re5 Nf4 26. Ree1 Rcd8 27. Rd2 a6 28. Red1 Nd5 29. a4 Re8 30. Bxd5 Rxd5 31. Re2 Re6 32. b5 axb5 33. axb5 Qd7 34. bxc6 bxc6 35. Ra2 Re4 36. Rad2 Kg7 37. f3 Rf4 38. Qc3 Qe7 39. Kf2 Qg5 40. Re1 Qg3+ 41. Kf1 g5 42. Qe3 g4 43. hxg4 fxg4 44. Qf2 gxf3 45. Qxg3+ hxg3 46. gxf3 Rxf3+ 47. Kg2 Rc3 48. Re7 Rh5 49. Rde2 Rh2+ 50. Kg1 Rxe2 51. Rxe2 Kg6 52. Re8 Kg5 53. Rc8 f5 54. Rxc6 Kg4 55. Ra6 Rc4 56. c6 f4 57. d5 Rc1+ 0-1

[Event "ESP-ch U18"]
[Site "Salobrena"]
[Date "2022.08.02"]
[Round "3"]
[White "Roca Planas, Edgar"]
[Black "Sanroman Costas, Mauro"]
[Result "0-1"]
[WhiteElo "2137"]
[BlackElo "1934"]
[PlyCount "106"]
[EventDate "2022.08.01"]
[EventType "swiss"]
[EventRounds "9"]
[EventCountry "ESP"]
[SourceTitle "EXT 2023"]
[Source "ChessBase"]
[SourceDate "2022.10.05"]
[SourceVersion "1"]
[SourceVersionDate "2022.10.05"]
[SourceQuality "1"]

1. e4 c5 2. Nf3 e6 3. d4 cxd4 4. Nxd4 Nf6 5. Nc3 Nc6 6. a3 d5 7. Bb5 Bd7 8. exd5 Nxd5 9. Nxd5 exd5 10. 0-0 Be7 11. Be3 0-0 12. Be2 Bf6 13. c3 Nxd4 14. Bxd4 Be6 15. Bf3 a6 16. Qd2 Bxd4 17. Qxd4 Qd7 18. Rad1 Rfd8 19. Rd2 Qc7 20. h4 Rd7 21. Re1 Rad8 22. Be2 b5 23. h5 h6 24. Bd3 Qa7 25. Qf4 d4 26. Qe4 dxc3 27. bxc3 Qc5 28. Qh7+ Kf8 29. Qh8+ Ke7 30. Qxg7 Rxd3 31. Rde2 R3d6 32. Qxh6 Qf5 33. Re5 Qf6 34. Qe3 Rd5 35. f4 Qh6 36. g4 Kf8 37. Rxd5 Rxd5 38. Qf3 Rd8 39. Re5 Bc4 40. Kh2 Qd6 41. Kg3 Qxe5 42. fxe5 Rd3 43. g5 Ke7 44. Kf4 Rxf3+ 45. Kxf3 Ke6 46. Ke4 Ba2 47. g6 Bb1+ 48. Kd4 Bxg6 49. hxg6 fxg6 50. Ke4 g5 51. Kd4 g4 52. Ke4 g3 53. Kf3 Kxe5 0-1

[Event "Sitges op 46th"]
[Site "Sitges"]
[Date "2022.07.30"]
[Round "9"]
[White "Cruz Estrada, Filemon"]
[Black "Roca Planas, Edgar"]
[Result "1-0"]
[WhiteElo "2323"]
[BlackElo "2137"]
[PlyCount "119"]
[EventDate "2022.07.22"]
[EventType "swiss"]
[EventRounds "9"]
[EventCountry "ESP"]
[SourceTitle "CBM 209 Extra"]
[Source "ChessBase"]
[SourceDate "2022.09.30"]
[SourceVersion "1"]
[SourceVersionDate "2022.09.30"]
[SourceQuality "1"]

1. c4 e5 2. e3 Nc6 3. a3 g6 4. b4 Bg7 5. Bb2 d6 6. d3 Nh6 7. Nf3 0-0 8. Nc3 f5 9. Qc2 Nf7 10. h4 h6 11. Be2 Be6 12. Nd2 Ne7 13. Nb3 c6 14. g3 b6 15. f4 d5 16. Nd1 Rc8 17. c5 d4 18. e4 fxe4 19. dxe4 Nf5 20. exf5 Bxf5 21. Bd3 e4 22. Bc4 b5 23. Bxf7+ Rxf7 24. Nxd4 Bxd4 25. Bxd4 Qxd4 26. Qc3 Rd8 27. Qxd4 Rxd4 28. Ne3 Rfd7 29. Rh2 h5 30. Re2 Kf7 31. Kf2 Kf6 32. Ke1 a5 33. bxa5 Ra4 34. Rd2 Rd3 35. Rxd3 exd3 36. Kd2 b4 37. Nc4 b3 38. Nb2 Rxa5 39. a4 Rxc5 40. Rc1 Rxc1 41. Kxc1 Ke6 42. Kd2 c5 43. Kc3 Kd5 44. Nc4 Be4 45. a5 Kc6 46. a6 Kc7 47. a7 Bd5 48. Ne5 Kb7 49. Nxd3 c4 50. Ne5 Kxa7 51. Nxg6 Ka6 52. f5 Ka5 53. Nf4 Bf7 54. g4 hxg4 55. h5 Ka4 56. h6 Bg8 57. f6 Ka3 58. h7 Bxh7 59. f7 Ka2 60. f8Q 1-0

[Event "Sitges op 46th"]
[Site "Sitges"]
[Date "2022.07.27"]
[Round "6"]
[White "Roca Planas, Edgar"]
[Black "Nambiar, Vivek"]
[Result "1-0"]
[WhiteElo "2137"]
[BlackElo "1870"]
[PlyCount "68"]
[EventDate "2022.07.22"]
[EventType "swiss"]
[EventRounds "9"]
[EventCountry "ESP"]
[SourceTitle "CBM 209 Extra"]
[Source "ChessBase"]
[SourceDate "2022.09.30"]
[SourceVersion "1"]
[SourceVersionDate "2022.09.30"]
[SourceQuality "1"]

1. e4 e6 2. d4 d5 3. Nc3 Nf6 4. e5 Nfd7 5. f4 c5 6. Nf3 Nc6 7. Be3 cxd4 8. Nxd4 Bc5 9. Qd2 Nxd4 10. Bxd4 Bxd4 11. Qxd4 Qb6 12. Nb5 Qxd4 13. Nxd4 Ke7 14. Bd3 Nc5 15. Kd2 Bd7 16. Rhe1 h5 17. g3 g5 18. fxg5 h4 19. g4 h3 20. b4 Nxd3 21. cxd3 Rhg8 22. Nf3 a5 23. b5 Bxb5 24. Rab1 Bc6 25. Ke3 Kd7 26. Kf4 d4 27. Nxd4 Bd5 28. a3 Rac8 29. Rec1 a4 30. Nb5 Rxc1 31. Rxc1 Bc6 32. Nd6 Ke7 33. Nxb7 Bb5 34. Rc7+ Kf8 1-0

[Event "Foment Martinenc op-A 22nd"]
[Site "Barcelona"]
[Date "2022.04.30"]
[Round "2"]
[White "Roca Planas, Edgar"]
[Black "Jimenez Munoz, Nicolas"]
[Result "1/2-1/2"]
[WhiteElo "2247"]
[BlackElo "2017"]
[PlyCount "68"]
[EventDate "2022.04.23"]
[EventType "swiss"]
[EventRounds "9"]
[EventCountry "ESP"]
[SourceTitle "EXT 2023"]
[Source "ChessBase"]
[SourceDate "2022.10.05"]
[SourceVersion "1"]
[SourceVersionDate "2022.10.05"]
[SourceQuality "1"]

1. e4 e5 2. Nf3 Nc6 3. Bb5 Nf6 4. 0-0 Nxe4 5. Re1 Nd6 6. Nxe5 Be7 7. Nxc6 dxc6 8. Bf1 0-0 9. d4 Bf5 10. Nd2 Bg5 11. Nf3 Bxc1 12. Qxc1 Qf6 13. c3 Rfe8 14. Qf4 h6 15. Re5 g5 16. Qe3 Qg7 17. c4 f6 18. Rxe8+ Rxe8 19. Qb3 Qf7 20. Qb4 b6 21. Qa4 Be6 22. b3 Nf5 23. h3 Qd7 24. Rd1 a5 25. Bd3 Nd6 26. Nd2 Bxh3 27. gxh3 Qxh3 28. f3 Qg3+ 29. Kf1 Qh2 30. b4 Nf5 31. Ne4 Nxd4 32. Nxf6+ Kh8 33. Nxe8 Qh1+ 34. Kf2 Qxf3+ 1/2-1/2

[Event "Catalan-ch U10/20"]
[Site "Tarragona"]
[Date "2022.04.13"]
[Round "7"]
[White "Roca Planas, Edgar"]
[Black "Jimenez Munoz, Nicolas"]
[Result "1/2-1/2"]
[WhiteElo "2247"]
[BlackElo "2017"]
[PlyCount "92"]
[EventDate "2022.04.09"]
[EventType "swiss"]
[EventRounds "9"]
[EventCountry "ESP"]
[SourceTitle "EXT 2023"]
[Source "ChessBase"]
[SourceDate "2022.10.05"]
[SourceVersion "1"]
[SourceVersionDate "2022.10.05"]
[SourceQuality "1"]

1. e4 c5 2. Nf3 Nc6 3. Bc4 e6 4. 0-0 d5 5. exd5 exd5 6. Bb5 Nf6 7. d4 Be7 8. dxc5 Bxc5 9. Bg5 0-0 10. c3 Be6 11. Nbd2 a6 12. Bd3 Be7 13. Nb3 h6 14. Bf4 Bd6 15. Qd2 Bxf4 16. Qxf4 Nh5 17. Qd2 Qf6 18. Rfe1 Nf4 19. Re3 Ne7 20. Nbd4 Neg6 21. Bf1 Bg4 22. h3 Bxf3 23. Rxf3 Qd6 24. g3 Nh5 25. Re1 Rae8 26. Rfe3 Rxe3 27. Qxe3 Nf6 28. Nf5 Qd7 29. Qf3 Re8 30. Rxe8+ Nxe8 31. Bg2 Nc7 32. Ne3 Ne7 33. Qd1 b5 34. Qd3 Qe6 35. a4 Kf8 36. axb5 axb5 37. Nc2 Qf5 38. Qd2 Nc6 39. Ne3 Qd7 40. b3 Ne7 41. Nc2 Ne6 42. Qe3 Qc7 43. Nb4 d4 44. cxd4 Nf5 45. Qe4 Nfxd4 46. Qa8+ Qd8 1/2-1/2

[Event "Catalan-ch U10/20"]
[Site "Tarragona"]
[Date "2022.04.12"]
[Round "6"]
[White "Gonzalez Cobos, Arnau"]
[Black "Roca Planas, Edgar"]
[Result "0-1"]
[WhiteElo "1905"]
[BlackElo "2247"]
[PlyCount "72"]
[EventDate "2022.04.09"]
[EventType "swiss"]
[EventRounds "9"]
[EventCountry "ESP"]
[SourceTitle "EXT 2023"]
[Source "ChessBase"]
[SourceDate "2022.10.05"]
[SourceVersion "1"]
[SourceVersionDate "2022.10.05"]
[SourceQuality "1"]

1. d4 d5 2. c4 e6 3. Nc3 Be7 4. Qc2 Nf6 5. cxd5 exd5 6. Bg5 Nbd7 7. e3 0-0 8. Bd3 Re8 9. Nf3 c6 10. 0-0 h6 11. Bh4 Ne4 12. Bxe4 Bxh4 13. Bd3 Be7 14. Rab1 Bd6 15. b4 a6 16. a4 Nb6 17. Bh7+ Kh8 18. Bf5 Qf6 19. Bxc8 Raxc8 20. b5 cxb5 21. axb5 a5 22. Qd3 Rc7 23. Ne2 Re4 24. Ng3 Re6 25. Rfc1 Rxc1+ 26. Rxc1 g6 27. Qc3 Nc4 28. Qd3 Re7 29. Nd2 Nxd2 30. Rc8+ Kg7 31. Qxd2 Qe6 32. Rc1 Bb4 33. Qc2 Qd7 34. Qd3 Re6 35. h4 h5 36. Ne2 Rb6 0-1

[Event "Catalunya-chT Gp1"]
[Site "Barcelona"]
[Date "2022.03.05"]
[Round "7.7"]
[White "Oms Fuentes, Lluis"]
[Black "Roca Planas, Edgar"]
[Result "1-0"]
[WhiteElo "2307"]
[BlackElo "2112"]
[PlyCount "87"]
[EventDate "2022.01.22"]
[EventType "team-tourn"]
[EventRounds "9"]
[EventCountry "ESP"]
[SourceTitle "CBM 208 Extra"]
[Source "ChessBase"]
[SourceDate "2022.07.31"]
[SourceVersion "1"]
[SourceVersionDate "2022.07.31"]
[SourceQuality "1"]
[WhiteTeam "Barcelona Escacs CC"]
[BlackTeam "Sant Andreu"]
[WhiteTeamCountry "ESP"]
[BlackTeamCountry "ESP"]

1. e4 c6 2. d4 d5 3. e5 Bf5 4. Ne2 e6 5. Ng3 Bg6 6. h4 h5 7. Bd3 Bxd3 8. cxd3 Ne7 9. Nd2 Nd7 10. Nf3 Ng6 11. Ng5 Bb4+ 12. Kf1 Qe7 13. Qb3 Rb8 14. Be3 Ba5 15. f4 Qb4 16. f5 Ngf8 17. Ke2 Qxb3 18. axb3 Bb4 19. Rxa7 exf5 20. Nxf5 Ne6 21. Rf1 Bf8 22. Nd6+ Bxd6 23. Nxf7 0-0 24. Nxd6 Rxf1 25. Kxf1 c5 26. dxc5 d4 27. c6 Nxe5 28. Bf2 Nxc6 29. Rxb7 Ra8 30. Ke2 Ra1 31. Bg3 Rg1 32. Nc4 Rxg2+ 33. Kf3 Rg1 34. b4 g5 35. b5 Ncd8 36. Re7 Rf1+ 37. Ke2 Rf7 38. Rxf7 Kxf7 39. hxg5 Kg6 40. b6 Nb7 41. b4 Kxg5 42. Na5 Ned8 43. Bc7 Kg4 44. Kf2 1-0

[Event "Catalunya-chT Gp1"]
[Site "Barcelona"]
[Date "2022.02.12"]
[Round "4.8"]
[White "Luke Brezmes, Cristofer"]
[Black "Roca Planas, Edgar"]
[Result "0-1"]
[WhiteElo "2040"]
[BlackElo "2112"]
[PlyCount "78"]
[EventDate "2022.01.22"]
[EventType "team-tourn"]
[EventRounds "9"]
[EventCountry "ESP"]
[SourceTitle "CBM 208 Extra"]
[Source "ChessBase"]
[SourceDate "2022.07.31"]
[SourceVersion "1"]
[SourceVersionDate "2022.07.31"]
[SourceQuality "1"]
[WhiteTeam "Geva CEA"]
[BlackTeam "Sant Andreu"]
[WhiteTeamCountry "ESP"]
[BlackTeamCountry "ESP"]

1. e4 c6 2. Nf3 d5 3. d3 g6 4. Nc3 Bg7 5. g3 Bxc3+ 6. bxc3 dxe4 7. Ng5 exd3 8. Bg2 h6 9. Ne4 dxc2 10. Qxc2 Nd7 11. 0-0 Ngf6 12. Re1 Kf8 13. Ba3 Kg7 14. Nxf6 exf6 15. Be7 Qc7 16. c4 Ne5 17. Bxf6+ Kxf6 18. f4 Re8 19. fxe5+ Kg7 20. Qc3 Be6 21. c5 Rad8 22. Rf1 Re7 23. Rf6 Red7 24. Be4 Rd1+ 25. Rxd1 Rxd1+ 26. Kf2 Qd7 27. Ke3 Kh7 28. Bc2 Rh1 29. h4 Rh3 30. Kf4 h5 31. a3 Bd5 32. Bd1 Rh2 33. Qe3 Qh3 34. e6 Bxe6 35. Ke5 Rg2 36. Bxh5 Qxg3+ 37. Qxg3 Rxg3 38. Kf4 Rxa3 39. Bd1 Kg7 0-1

[Event "La Pobla de Lillet op-A 30th"]
[Site "La Pobla de Lillet"]
[Date "2021.08.07"]
[Round "6"]
[White "Prieto Aranguren, Alain"]
[Black "Roca Planas, Edgar"]
[Result "1-0"]
[WhiteElo "2220"]
[BlackElo "2022"]
[PlyCount "77"]
[EventDate "2021.08.02"]
[EventType "swiss"]
[EventRounds "9"]
[EventCountry "ESP"]
[SourceTitle "EXT 2022"]
[Source "ChessBase"]
[SourceDate "2021.10.06"]
[SourceVersion "1"]
[SourceVersionDate "2021.10.06"]
[SourceQuality "1"]

1. e4 c6 2. Nf3 d5 3. Nc3 g6 4. d4 Bg7 5. h3 dxe4 6. Nxe4 Nd7 7. Bc4 Ngf6 8. Nxf6+ Nxf6 9. 0-0 0-0 10. Bf4 Bf5 11. c3 Be4 12. Re1 Bd5 13. Bd3 Re8 14. Ne5 Qb6 15. Qd2 a5 16. Nc4 Bxc4 17. Bxc4 Rad8 18. Qc2 Nd5 19. Be5 c5 20. Bxg7 Kxg7 21. Re5 e6 22. Rae1 f6 23. R5e4 cxd4 24. Rxd4 Nc7 25. Red1 Rxd4 26. Rxd4 Qc6 27. Qd2 Re7 28. Be2 b5 29. Bf3 Qc5 30. Rd8 e5 31. Rc8 e4 32. Qd8 Kh6 33. Qf8+ Kg5 34. Bxe4 f5 35. g3 Ne6 36. h4+ Kg4 37. Kg2 Qxf2+ 38. Kxf2 Nxf8 39. Bf3+ 1-0

[Event "La Pobla de Lillet op-A 30th"]
[Site "La Pobla de Lillet"]
[Date "2021.08.06"]
[Round "5"]
[White "Roca Planas, Edgar"]
[Black "Tarrago Antoni, Maurici"]
[Result "1/2-1/2"]
[WhiteElo "2022"]
[BlackElo "2208"]
[PlyCount "129"]
[EventDate "2021.08.02"]
[EventType "swiss"]
[EventRounds "9"]
[EventCountry "ESP"]
[SourceTitle "EXT 2022"]
[Source "ChessBase"]
[SourceDate "2021.10.06"]
[SourceVersion "1"]
[SourceVersionDate "2021.10.06"]
[SourceQuality "1"]

1. e4 c5 2. Nf3 g6 3. c3 Bg7 4. d4 cxd4 5. cxd4 d5 6. e5 Nh6 7. h3 0-0 8. Nc3 Nc6 9. Bb5 Bd7 10. Bf4 f6 11. exf6 exf6 12. 0-0 Be6 13. Bxc6 bxc6 14. Re1 Re8 15. Na4 Bf8 16. Rc1 Bd7 17. Nc5 Nf7 18. Qa4 Rxe1+ 19. Nxe1 Be8 20. Ned3 Qc8 21. Re1 Bd7 22. Qc2 Bf5 23. Qd2 Nd6 24. Bxd6 Bxd6 25. g4 Bxd3 26. Nxd3 Qd7 27. Qe3 Kf7 28. Kg2 Rh8 29. Qh6 Bf8 30. Qf4 Kg7 31. g5 Qd6 32. Qxd6 Bxd6 33. Re6 Rd8 34. Rxf6 a5 35. f4 a4 36. Kf3 Rd7 37. h4 Rd8 38. b3 axb3 39. axb3 Rd7 40. Kg4 Rd8 41. h5 gxh5+ 42. Kxh5 Rd7 43. Kg4 Rd8 44. Kf5 Kg8 45. Ne5 Ba3 46. Nxc6 Re8 47. Re6 Rf8+ 48. Kg4 Rf7 49. f5 Rb7 50. b4 Bxb4 51. Nxb4 Rxb4 52. Kf4 Rxd4+ 53. Ke5 Re4+ 54. Kxd5 Rg4 55. Ke5 Kf7 56. Rh6 Kg7 57. Rh5 Rg1 58. Kf4 Rf1+ 59. Kg4 Rg1+ 60. Kf3 Rf1+ 61. Ke4 Re1+ 62. Kf4 Rf1+ 63. Ke4 Re1+ 64. Kf4 Rf1+ 65. Ke4 1/2-1/2